| 000 | 00736cam a2200205 i 4500 | ||
|---|---|---|---|
| 999 |
_c7680 _d7680 |
||
| 003 | OSt | ||
| 005 | 20200317153542.0 | ||
| 008 | 150916s2016 nyu b 001 0 eng | ||
| 020 | _a9781138823143 (pbk. : alk. paper) | ||
| 050 | 0 | 0 |
_aNA2728 _b.D53 2016 |
| 082 | 0 | 0 |
_a729.0285 _223 _bJAS |
| 245 | 0 | 0 |
_aDigital design exercises for architecture students / _cedited by Jason S. Johnson and Joshua Vermillion. |
| 300 |
_axiv, 275 pages ; _c26 cm |
||
| 504 | _aIncludes bibliographical references (pages 257-263) and index. | ||
| 650 | 0 |
_aArchitectural design _xData processing. |
|
| 650 | 0 |
_aArchitectural design _vProblems, exercises, etc. |
|
| 700 | 1 |
_aJohnson, Jason S., _eeditor. |
|
| 700 | 1 |
_aVermillion, Joshua, _eeditor. |
|
| 942 | _2ddc | ||